Native American Tribes of Texas - Statistics

General Stats
  • This quiz has been taken 94 times
  • The average score is 5 of 26
Answer Stats
Answer % Correct
Apache
83%
Comanche
73%
Cherokee
64%
Kiowa
31%
Caddo
26%
Chickasaw
24%
Wichita
23%
Arapaho
21%
Cheyenne
20%
Karankawa
20%
Tonkawa
18%
Kickapoo
14%
Shawnee
11%
Delaware
10%
Biloxi
9%
Waco
9%
Alabama - Coushatta
8%
Coahuiltecan
8%
Jumano
5%
Kichai
4%
Tigua
4%
Hainai
3%
Potawatomi
3%
Anadarko
1%
Pakana Muskogee
1%
Tawakoni
1%
No matching quizzes found
Score Distribution
Percent of People with Each Score
Percentile by Number Answered
Your Score History
You have not taken this quiz